Statistics for Biggest African Cities by Letter - C

Click here to take the quiz!

General Stats

  • This quiz has been taken 92 times
  • The average score is 7 of 16

Answer Stats

CountryPopulationCity% Correct
South Africa3,430,992Cape Town
100%
Egypt9,153,135Cairo
99%
Morocco3,359,818Casablanca
97%
Guinea1,660,973Conakry
94%
Benin679,012Cotonou
79%
Spain85,144Ceuta
69%
Algeria448,028Constantine
49%
Angola377,931Cabinda
46%
Ghana227,269Cape Coast
18%
Zimbabwe356,840Chitungwiza
12%
Mozambique372,821Chimoio
10%
Algeria155,134Chlef
10%
Nigeria371,022Calabar
9%
Mauritius79,014Curepipe
8%
South Africa149,065Carletonville
4%
Zambia116,627Chipata
4%

Score Distribution

Percentile by Number Answered

Percent of People with Each Score

Your Score History

You have not taken this quiz